The pioneer burial : a high-status Anglian warrior burial from Wollaston Northamptonshire /
Excavations at Wollaston Quarry, near Wellingborough, uncovered a single late 7th century grave, the Pioneer burial. The burial contained artefacts indicative of very high status, with the early to middle Saxon helmet being at the time only the fourth to have been recovered from a burial in England.
المؤلفون الرئيسيون: ,
مؤلفون آخرون: , ,
التنسيق: كتاب الكتروني
اللغة: English
منشور في:
Summertown, Oxford :
Archaeopress Publishing Ltd,
2019.
سلاسل:
Archaeopress archaeology.
الموضوعات:
الوصول للمادة أونلاين: Login to view Source
الوسوم: إضافة وسم
رقم الطلب: DA690
| LEADER | 02399nam a2200481 i 4500 | ||
|---|---|---|---|
| 001 | EDZ0002019994 | ||
| 003 | StDuBDS | ||
| 005 | 20230412182432.0 | ||
| 006 | m|||||o||d|||||||| | ||
| 007 | cr ||||||||||| | ||
| 008 | 190116s2019 enka fob 000|0|eng|d | ||
| 020 | |a 9781789691207 (ebook) : |c No price | ||
| 040 | |a StDuBDS |b eng |c StDuBDS |e rda |e pn | ||
| 050 | 4 | |a DA690 | |
| 082 | 0 | 4 | |a 942.558015 |2 23 |
| 100 | 1 | |a Meadows, Ian, |e author. | |
| 245 | 1 | 4 | |a The pioneer burial : |b a high-status Anglian warrior burial from Wollaston Northamptonshire / |c Ian Meadows with contributions by Rob Atkins [and eight others] ; illustrations by Olly Dindol, Jacqueline Harding and James Ladocha. |
| 264 | 1 | |a Summertown, Oxford : |b Archaeopress Publishing Ltd, |c 2019. | |
| 300 | |a 1 online resource (viii, 70 pages) : |b illustrations (black and white, and colour). | ||
| 336 | |a text |2 rdacontent | ||
| 336 | |a still image |2 rdacontent | ||
| 337 | |a computer |2 rdamedia | ||
| 338 | |a online resource |2 rdacarrier | ||
| 490 | 1 | |a Archaeopress archaeology | |
| 500 | |a Previously issued in print: 2019. | ||
| 504 | |a Includes bibliographical references. | ||
| 520 | 8 | |a Excavations at Wollaston Quarry, near Wellingborough, uncovered a single late 7th century grave, the Pioneer burial. The burial contained artefacts indicative of very high status, with the early to middle Saxon helmet being at the time only the fourth to have been recovered from a burial in England. | |
| 521 | |a Specialized. | ||
| 588 | |a Description based on online resource; title from home page (viewed on February 27, 2019). | ||
| 650 | 0 | |a Excavations (Archaeology) |z England |z Wollaston (West Midlands) | |
| 651 | 0 | |a Wollaston (West Midlands, England) |x History |y To 1500. | |
| 651 | 0 | |a Wollaston (West Midlands, England) |x Antiquities. | |
| 650 | 0 | |a Burial |z England |z Wollaston (West Midlands) |x History |y To 1500. | |
| 700 | 1 | |a Atkins, Rob, |d 1968- |e author. | |
| 700 | 1 | |a Dindol, Olly, |e illustrator. | |
| 700 | 1 | |a Harding, Jacqueline, |e illustrator. | |
| 700 | 1 | |a Ladocha, James, |e illustrator. | |
| 776 | 0 | 8 | |i Print version : |z 9781789691191 |
| 830 | 0 | |a Archaeopress archaeology. | |
| 856 | 4 | 0 | |3 Archaeopress |u http://library.arce.org:8087/Archaeopress/Products/9781789691191 |
| 942 | |2 lcc |c EBOOK | ||
| 952 | |0 0 |1 0 |4 0 |6 DA0690 |7 1 |9 46509 |a ARCH |b ARCH |d 2023-04-12 |l 0 |o DA690 |r 2023-04-12 00:00:00 |w 2023-04-12 |y EBOOK | ||
| 999 | |c 52167 |d 52167 | ||
